000 00705nam a2200229 4500
003 OSt
005 20240613010103.0
006 a
008 240613b |||||||| |||| 00| 0 eng d
020 _a971087120
040 _aDWCL-Main lib.
_cOC
082 _aFil. 320 293p 2011
100 _aZulueta, Francisco M.
245 _aIntroduction to political science /
260 _a Mandaluyong City, Phils :
_bNational Book store,
_cc2011.
300 _axv,
_b340 p. : ill. ;
_c22 cm.
504 _aIncludes bibliographical references, glossary and index.
650 _a1. Political science.
650 _a2. Comparative government.
700 _aFrancisco M. Zulueta
942 _2ddc
_n0
_cBK - FIL
_kFil.
999 _c577
_d577